1455 1358 1497 1606 1518 1162 1310 1111 1549 1355 1101 1402 1982 1142 1951 1667 1759 1582 1720 1176 1937 1587 1174 1963 1889 1993 1887 1555 1855 1676 1853 1210 1367 1867 1982 1325 1381 1164 1612 1278 1445 1491 1665 1199 1744 1324 1218 1207 1328 1673 1116 1226 1912 1051 1518 1023 1601 1294 1561 1785 1369 1902 1644 1173 1182 1280 1846 1795 1898 1279 1177 1379 1819 1042 1167 1684 1937 1124 1694 1552 1144 1174 1339 1746 1816 1654 1329 1771 1707 1527 1641 1411 1797 1157 1833 1366 1541 1968 1510 BCNSPRNW ULIB Ver.6.0+V

เปลี่ยนเป็นภาษาไทย

Change to English
 แสดงรายละเอียดบรรณานุกรม
  กลับหน้าหลัก

Brief Record : Get Marc (ISO 2709) : E-mail record : QR code < ปิดหน้าต่าง
LEADER : 00000nam 2200000uu 4500
001    13399126286
003     ULIB
008    180830s2560||||th 000 0 tha d
020    ^a9786162793677
060  4 ^aWY157^bป135
245 00 ^aปฏิบัติการพยาบาลสูติศาสตร์-นรีเวชวิทยา /^cกองบรรณาธิการ, ยุวดี วัฒนานนท์, ศิริวรรณ์ สันทัด
250    ^aพิมพ์ครั้งที่ 2
260    ^aกรุงเทพฯ :^bโครงการตำราคณะพยาบาลศาสตร์ มหาวิทยาลัยมหิดล,^c2560
300    ^a190 หน้า :^bภาพประกอบ ;^c26 ซม.
650  4 ^aการพยาบาลนรีเวชศาสตร์
650  4 ^aการพยาบาลสูติศาสตร์
700 0  ^aยุวดี วัฒนานนท์,^eบรรณาธิการ
700 0  ^aศิริวรรณ์ สันทัด,^eบรรณาธิการ
710 2  ^aมหาวิทยาลัยมหิดล. ^bโครงการตำราคณะพยาบาลศาสตร์
945    ^p200^l0^i26483
945    ^p200^l0^i26482
999    ^aกัณชพร จุลอักษร
รายการนี้ยังไม่มีแท็ก
คุณยังไม่ได้ล็อกอิน คุณสามารถมีกิจกรรมร่วมกับเว็บไซต์ได้ แต่ต้องล็อกอินก่อน ::
  ล็อกอิน

รายการสื่อสารสนเทศ

ลำดับที่ ประเภท เลขเรียก/บาร์โค้ด สถานที่ สถานะ
1. วิทยาศาสตร์การแพทย์ และสุขภาพ
วิทยาศาสตร์การแพทย์ และสุขภาพ
WY157 ป135 ฉ.1 
  Barcode: 26482
ห้องสมุดวิทยาเขตนครสวรรค์
►หนังสือทั่วไป:l:General Books
บนชั้น
2. วิทยาศาสตร์การแพทย์ และสุขภาพ
วิทยาศาสตร์การแพทย์ และสุขภาพ
WY157 ป135 ฉ.2 
  Barcode: 26483
ห้องสมุดวิทยาเขตนครสวรรค์
►หนังสือทั่วไป:l:General Books
บนชั้น

รายการใกล้เคียง
    หัวเรื่อง [การพยาบาลนรีเวชศาสตร์]
    หัวเรื่อง [การพยาบาลสูติศาสตร์]

BibComment


ยังไม่เคยถูกคอมเมนท์

คอมเมนท์ทรัพยากรรายการนี้
  คอมเมนท์: ปฏิบัติการพยาบาล..


 Copyright 2026. Bcnsprnw @Library